[Event "Arnprior op"]
[Site "Arnprior CAN"]
[Date "1996.05.01"]
[Round "1"]
[White "Pacey, Kevin"]
[Black "Winterton, Ken"]
[Result "1/2-1/2"]
[WhiteElo "2257"]
[BlackElo "2053"]
[PlyCount "51"]
[EventDate "1996.05.01"]
[EventType "swiss"]
[EventRounds "5"]
[EventCountry "CAN"]

1. d4 Nf6 2. c4 e6 3. Nc3 Bb4 4. a3 Bxc3+ 5. bxc3 O-O 6. e3 d6 7. Bd3 e5 8. e4
Re8 9. Ne2 c5 10. O-O Nc6 11. d5 Ne7 12. Ng3 Ng6 13. Nf5 Nf4 14. Bxf4 exf4 15.
Qf3 Bxf5 16. exf5 Nd7 17. Qxf4 Ne5 18. Qg3 Qf6 19. Rae1 Nxd3 20. Qxd3 Re5 21.
f4 Re7 22. Re3 Rae8 23. Rfe1 Kf8 24. Rxe7 Rxe7 25. Rxe7 Qxe7 26. Kf2 1/2-1/2

[Event "Arnprior op"]
[Site "Arnprior CAN"]
[Date "1996.05.04"]
[Round "1"]
[White "Veltmann, Alfred"]
[Black "Kosich, Dusan"]
[Result "1-0"]
[WhiteElo "1878"]
[BlackElo "1748"]
[PlyCount "119"]
[EventDate "1996.05.01"]
[EventType "swiss"]
[EventRounds "5"]
[EventCountry "CAN"]

1. e4 c5 2. Nf3 Nc6 3. d4 cxd4 4. Nxd4 e5 5. Nb3 Nf6 6. Bg5 Be7 7. N1d2 O-O 8.
Bd3 a6 9. O-O Nb4 10. Nf3 d6 11. Qd2 Nxd3 12. Qxd3 h6 13. Bh4 Ng4 14. Bxe7 Qxe7
15. Rad1 Rd8 16. Na5 Be6 17. Rd2 Qc7 18. Nb3 Bc4 19. Qc3 Rac8 20. Re1 Qb6 21.
h3 Be2 22. Qa5 Qxa5 23. Nxa5 Bxf3 24. gxf3 Nf6 25. Nxb7 Rd7 26. Na5 Kf8 27. b3
Rc5 28. Nc4 Rc6 29. Red1 Ke7 30. Ne3 g6 31. Ng4 h5 32. Nxf6 Kxf6 33. h4 g5 34.
Kh2 gxh4 35. c4 Kg5 36. Kh3 Kf4 37. Rd3 f5 38. exf5 Kxf5 39. Kxh4 Ke6 40. Kxh5
Rg7 41. f4 Kf5 42. Kh4 Kxf4 43. Kh5 Kf5 44. Rf3+ Ke4 45. Rf6 Rg2 46. Rdxd6 Rc8
47. Rxa6 Rcg8 48. Rg6 Rh8+ 49. Rh6 Rh2+ 50. Kg5 R8xh6 51. Rxh6 Rxf2 52. Ra6 Kd3
53. c5 e4 54. Rd6+ Kc3 55. c6 Rxa2 56. c7 Ra5+ 57. Kf4 Rc5 58. Rd7 Kxb3 59.
Kxe4 Rc4+ 60. Kd5 1-0

[Event "Arnprior op"]
[Site "Arnprior CAN"]
[Date "1996.05.04"]
[Round "2"]
[White "Burgess, Doug"]
[Black "Veltmann, Alfred"]
[Result "0-1"]
[WhiteElo "1873"]
[BlackElo "1878"]
[PlyCount "72"]
[EventDate "1996.05.01"]
[EventType "swiss"]
[EventRounds "5"]
[EventCountry "CAN"]

1. e4 e5 2. Nf3 Nc6 3. d4 exd4 4. Nxd4 Bc5 5. Nb3 Bb6 6. a4 a6 7. a5 Ba7 8. Nc3
d6 9. Bf4 Nge7 10. Bg5 h6 11. Bh4 g5 12. Bg3 Ng6 13. Be2 Be6 14. Nd5 Nce5 15.
c4 c6 16. Ne3 Bxe3 17. fxe3 Nxc4 18. Bxc4 Bxc4 19. Qd4 Bxb3 20. O-O O-O 21. Rf6
Be6 22. Qc3 Kh7 23. Rd1 d5 24. e5 Kg7 25. h3 Qe7 26. Rdf1 Rac8 27. Qe1 Qc5 28.
Kh2 Qc4 29. h4 Qg4 30. R1f3 Nxh4 31. Bxh4 Qxh4+ 32. Qxh4 gxh4 33. R3f4 h5 34.
Rxh4 Bg4 35. Kg3 Kh8 36. Rh1 Rc7 0-1

[Event "Arnprior op"]
[Site "Arnprior CAN"]
[Date "1996.05.04"]
[Round "2"]
[White "Djerkovic, Miladin"]
[Black "Pacey, Kevin"]
[Result "1/2-1/2"]
[WhiteElo "2371"]
[BlackElo "2257"]
[PlyCount "78"]
[EventDate "1996.05.01"]
[EventType "swiss"]
[EventRounds "5"]
[EventCountry "CAN"]

1. e4 e6 2. d4 d5 3. Nc3 Bb4 4. e5 c5 5. a3 Bxc3+ 6. bxc3 Ne7 7. Qg4 Qc7 8.
Qxg7 Rg8 9. Qxh7 cxd4 10. Ne2 Nbc6 11. f4 Bd7 12. Qd3 dxc3 13. Qxc3 Nf5 14. Rb1
O-O-O 15. Rg1 d4 16. Qd3 f6 17. exf6 Be8 18. g4 Nh4 19. Qg3 Qh7 20. Rb3 Bg6 21.
f5 Bxf5 22. gxf5 Rxg3 23. hxg3 Nxf5 24. Nf4 Qh6 25. Bc4 Qxf6 26. Bxe6+ Kb8 27.
Kf2 Re8 28. Bd5 Ne3 29. Bxe3 dxe3+ 30. Kg2 b6 31. Re1 Nd4 32. Rbxe3 Rxe3 33.
Rxe3 Nxc2 34. Re8+ Kc7 35. Be4 Ne3+ 36. Kf3 Nc4 37. Re7+ Kd8 38. Rxa7 Nd2+ 39.
Ke3 Nxe4 1/2-1/2

[Event "Arnprior op"]
[Site "Arnprior CAN"]
[Date "1996.05.04"]
[Round "3"]
[White "Pacey, Kevin"]
[Black "Cote, Jacques"]
[Result "0-1"]
[WhiteElo "2257"]
[BlackElo "2257"]
[PlyCount "49"]
[EventDate "1996.05.01"]
[EventType "swiss"]
[EventRounds "5"]
[EventCountry "CAN"]

1. e4 c5 2. Nf3 d6 3. d4 cxd4 4. Nxd4 Nf6 5. Nc3 a6 6. Bc4 e6 7. Bb3 Be7 8. O-O
Nc6 9. f4 Qc7 10. Be3 O-O 11. f5 Nxd4 12. Bxd4 b5 13. fxe6 fxe6 14. Nd5 exd5
15. Bxf6 gxf6 16. Bxd5+ Kh8 17. Bxa8 Qa7+ 18. Kh1 Qxa8 19. Qd4 Be6 20. a4 Qc6
21. axb5 axb5 22. Ra7 Bd8 23. Qe3 Rg8 24. Rxf6 Bxf6 25. Qh6 0-1

[Event "Arnprior op"]
[Site "Arnprior CAN"]
[Date "1996.05.04"]
[Round "3"]
[White "Veltmann, Alfred"]
[Black "Tomalty, Alan"]
[Result "1/2-1/2"]
[WhiteElo "1878"]
[BlackElo "1846"]
[PlyCount "52"]
[EventDate "1996.05.01"]
[EventType "swiss"]
[EventRounds "5"]
[EventCountry "CAN"]

1. e4 e5 2. Nf3 d6 3. d4 Nf6 4. Nc3 exd4 5. Nxd4 Nc6 6. Bb5 Bd7 7. O-O Be7 8.
h3 O-O 9. Be3 a6 10. Bxc6 bxc6 11. Nf3 Bc8 12. Nd2 Rb8 13. f3 Nd7 14. Nb3 Nb6
15. Na5 Qe8 16. Rb1 Bf6 17. Bd4 Bxd4+ 18. Qxd4 c5 19. Qd3 Ra8 20. Rfe1 Qe5 21.
Nd5 Nxd5 22. exd5 Qg3 23. Kf1 Bd7 24. Qd2 Rfe8 25. b3 Qh2 26. Rbd1 Bxh3 1/2-1/2

[Event "Arnprior op"]
[Site "Arnprior CAN"]
[Date "1996.05.05"]
[Round "4"]
[White "Gould, Charles"]
[Black "Veltmann, Alfred"]
[Result "1-0"]
[WhiteElo "1945"]
[BlackElo "1878"]
[PlyCount "51"]
[EventDate "1996.05.01"]
[EventType "swiss"]
[EventRounds "5"]
[EventCountry "CAN"]

1. e4 e5 2. Nf3 Nc6 3. Bb5 a6 4. Ba4 Nf6 5. O-O b5 6. Bb3 Be7 7. Re1 O-O 8. c3
d6 9. h3 Na5 10. Bc2 c5 11. d4 Qc7 12. Bg5 Bd7 13. Nbd2 cxd4 14. cxd4 Rac8 15.
Rc1 Rfe8 16. Nf1 h6 17. Bxf6 Bxf6 18. Ne3 Qa7 19. dxe5 dxe5 20. Qd2 Nc4 21.
Nxc4 Rxc4 22. Bb3 Rxc1 23. Rxc1 Rd8 24. Qa5 Rc8 25. Rxc8+ Bxc8 26. Nxe5 1-0

[Event "Arnprior op"]
[Site "Arnprior CAN"]
[Date "1996.05.05"]
[Round "4"]
[White "Hum, Peter"]
[Black "Pacey, Kevin"]
[Result "1/2-1/2"]
[WhiteElo "2211"]
[BlackElo "2257"]
[PlyCount "43"]
[EventDate "1996.05.01"]
[EventType "swiss"]
[EventRounds "5"]
[EventCountry "CAN"]

1. d4 Nf6 2. c4 e5 3. dxe5 Ne4 4. a3 d6 5. Nf3 a5 6. Qc2 Nc5 7. Nc3 dxe5 8.
Nxe5 Bd6 9. Nf3 O-O 10. Bg5 Qe8 11. O-O-O f5 12. e3 Nbd7 13. Bf4 Bxf4 14. exf4
c6 15. Nd4 Nf6 16. Kb1 Nfe4 17. f3 Nf6 18. Be2 Ne6 19. Nxf5 Nxf4 20. Nd6 Qh5
21. Nxc8 Raxc8 22. Bf1 1/2-1/2

[Event "Arnprior op"]
[Site "Arnprior CAN"]
[Date "1996.05.05"]
[Round "5"]
[White "Pacey, Kevin"]
[Black "Danilov, Alex"]
[Result "1-0"]
[WhiteElo "2257"]
[BlackElo "1766"]
[PlyCount "49"]
[EventDate "1996.05.01"]
[EventType "swiss"]
[EventRounds "5"]
[EventCountry "CAN"]

1. e4 c5 2. c3 d5 3. exd5 Qxd5 4. d4 e6 5. Nf3 Nc6 6. Be2 Nf6 7. O-O Be7 8. Be3
cxd4 9. cxd4 O-O 10. Nc3 Qd8 11. Ne5 Nd5 12. Nxd5 exd5 13. Nxc6 bxc6 14. Rc1
Bd7 15. Bf4 a5 16. Rc3 Bf6 17. Bd6 Re8 18. Bc5 Re4 19. Bf3 Rh4 20. g3 Rh6 21.
Re1 Be6 22. Bg4 Bxg4 23. Qxg4 Qc8 24. Qxc8+ Rxc8 25. Rce3 1-0

[Event "Atlantic Closed"]
[Site "Halifax CAN"]
[Date "1996.05.17"]
[Round "1"]
[White "McKim, Fred"]
[Black "Mayo, Alvah"]
[Result "0-1"]
[WhiteElo "2095"]
[BlackElo "1983"]
[PlyCount "132"]
[EventDate "1996.05.17"]
[EventType "swiss"]
[EventRounds "5"]
[EventCountry "CAN"]
[Source "ChessBase"]
[SourceDate "2001.11.25"]

1. d4 Nf6 2. Bg5 g6 3. Bxf6 exf6 4. e3 Bg7 5. f4 b6 6. Nf3 Bb7 7. c4 d6 8. Nc3
Nd7 9. Be2 O-O 10. Qd2 f5 11. Rc1 Qe7 12. O-O Nf6 13. h3 Rae8 14. Nd1 Ne4 15.
Qb4 Ng3 16. Bd3 Nxf1 17. Kxf1 Bxf3 18. gxf3 Qh4 19. Kg2 c5 20. dxc5 dxc5 21.
Qd2 Bh6 22. Nf2 Re7 23. Re1 Rfe8 24. Re2 g5 25. Bxf5 gxf4 26. e4 Qg3+ 27. Kf1
Qxf3 28. Qd6 Bf8 29. Qf6 Qg3 30. Nh1 Qf3+ 31. Nf2 Bg7 32. Qh4 h6 33. Rd2 Qg3
34. Qxg3 fxg3 35. Nh1 Be5 36. Kg2 Kh8 37. Rd3 Rg8 38. Bg4 Rg6 39. Rf3 Kg7 40.
Rf5 Rg5 41. Rf3 h5 42. Bf5 h4 43. b3 Rh5 44. Rd3 Bd4 45. Rf3 Rh8 46. Rd3 Rd8
47. Kf3 Ree8 48. Rd2 Rd6 49. Rg2 Be5 50. Nf2 Rd2 51. Ng4 Rxg2 52. Kxg2 Rd8 53.
Nxe5 Rd2+ 54. Kg1 Rxa2 55. Nf3 Rb2 56. Nxh4 Rxb3 57. Bd7 a5 58. Nf5+ Kf6 59.
Kg2 Rb4 60. h4 a4 61. Bxa4 Rxa4 62. Nd6 Ke6 63. e5 Kxe5 64. Nxf7+ Kf4 65. h5
Ra2+ 66. Kf1 g2+ 0-1

[Event "Atlantic Closed"]
[Site "Halifax CAN"]
[Date "1996.05.17"]
[Round "1"]
[White "Pentz, Brian"]
[Black "Urquhart, Eddie"]
[Result "1-0"]
[WhiteElo "2055"]
[BlackElo "2164"]
[PlyCount "87"]
[EventDate "1996.05.17"]
[EventType "swiss"]
[EventRounds "5"]
[EventCountry "CAN"]
[Source "ChessBase"]
[SourceDate "2001.11.25"]

1. e4 e5 2. Nf3 Nc6 3. d3 Bc5 4. Be2 d6 5. O-O f5 6. exf5 Bxf5 7. Nc3 Nf6 8.
Be3 Qe7 9. Bxc5 dxc5 10. Qd2 O-O-O 11. Qg5 Bd7 12. Rfe1 h6 13. Qe3 Ng4 14. Qe4
Rhf8 15. Bd1 Bf5 16. Qc4 Be6 17. Qb5 Nxf2 18. Kxf2 a6 19. Qa4 Rd4 20. Qa3 Rdf4
21. Kg1 Nd4 22. Nxd4 exd4 23. Ne4 Qh4 24. Be2 Bd5 25. Rf1 Bxe4 26. dxe4 Rxf1+
27. Rxf1 Rxf1+ 28. Bxf1 Qxe4 29. Qxc5 Qe3+ 30. Kh1 b6 31. Bxa6+ Kb8 32. Qf8+
Ka7 33. Qf1 c5 34. Bb5 Qe7 35. h3 g5 36. Qf5 h5 37. Qd7+ Qxd7 38. Bxd7 c4 39.
Bb5 c3 40. b3 Kb7 41. Kg1 Kc7 42. Kf2 Kd6 43. Kf3 Kc5 44. a4 1-0

[Event "Atlantic Closed"]
[Site "Halifax CAN"]
[Date "1996.05.18"]
[Round "2"]
[White "MacDonald, Jonathan"]
[Black "Pentz, Brian"]
[Result "1/2-1/2"]
[WhiteElo "2118"]
[BlackElo "2055"]
[PlyCount "27"]
[EventDate "1996.05.17"]
[EventType "swiss"]
[EventRounds "5"]
[EventCountry "CAN"]
[Source "ChessBase"]
[SourceDate "2001.11.25"]

1. e4 d6 2. d4 Nf6 3. Nc3 g6 4. Be2 Bg7 5. h4 h5 6. Nh3 Nc6 7. d5 Ne5 8. f3 c6
9. Be3 Qa5 10. Nf4 Bd7 11. Qd2 c5 12. a4 a6 13. O-O O-O 14. Rfb1 1/2-1/2

[Event "Atlantic Closed"]
[Site "Halifax CAN"]
[Date "1996.05.18"]
[Round "2"]
[White "Mayo, Alvah"]
[Black "Villeneuve, Robert"]
[Result "1/2-1/2"]
[WhiteElo "1983"]
[BlackElo "2192"]
[PlyCount "44"]
[EventDate "1996.05.17"]
[EventType "swiss"]
[EventRounds "5"]
[EventCountry "CAN"]

1. e4 e5 2. Nf3 Nc6 3. Bb5 f5 4. Nc3 fxe4 5. Nxe4 d5 6. Nxe5 dxe4 7. Nxc6 Qg5
8. Nd4+ c6 9. Bf1 Nf6 10. Qe2 Bd6 11. d3 Qe5 12. c3 O-O 13. dxe4 Bc5 14. f3 Kh8
15. Be3 Re8 16. Qc2 Bd7 17. Bd3 Nd5 18. Bf2 Nf4 19. O-O Bd6 20. Bg3 Bc5 21. c4
Rg8 22. Qd2 Qe7 1/2-1/2

[Event "Atlantic Closed"]
[Site "Halifax CAN"]
[Date "1996.05.18"]
[Round "3"]
[White "Horton, Joe"]
[Black "Pentz, Brian"]
[Result "1-0"]
[WhiteElo "2354"]
[BlackElo "2055"]
[PlyCount "100"]
[EventDate "1996.05.17"]
[EventType "swiss"]
[EventRounds "5"]
[EventCountry "CAN"]
[Source "ChessBase"]
[SourceDate "2001.11.25"]

1. g3 Nf6 2. Bg2 e5 3. c4 d6 4. Nc3 g6 5. d3 Bg7 6. Nf3 O-O 7. O-O Nc6 8. Rb1
a5 9. a3 Bd7 10. b4 axb4 11. axb4 Nd4 12. b5 c6 13. Bd2 Qc7 14. Re1 Rfe8 15.
Nh4 Ra3 16. e3 Ne6 17. Ra1 Rea8 18. Rxa3 Rxa3 19. Qc1 Ra8 20. Nf3 d5 21. Qb1
dxc4 22. dxc4 Nc5 23. Ng5 Bf5 24. e4 Bd7 25. Be3 Bf8 26. h3 h6 27. Nf3 Be6 28.
Bf1 Kh7 29. Nd2 Ra3 30. b6 Qc8 31. Qb2 Ra6 32. Kh2 Nfd7 33. f4 Rxb6 34. Qc2 f5
35. fxe5 Ra6 36. Nf3 fxe4 37. Nd4 Nxe5 38. Nxe6 Nf3+ 39. Kh1 Nxe6 40. Rb1 Ned4
41. Qxe4 c5 42. Bg2 Re6 43. Qxb7+ Qxb7 44. Rxb7+ Re7 45. Rxe7+ Bxe7 46. Nd5 Bf8
47. Nf6+ Kg7 48. Nd7 Bd6 49. Nxc5 Bxc5 50. Bxf3 Nxf3 1-0

[Event "Atlantic Closed"]
[Site "Halifax CAN"]
[Date "1996.05.18"]
[Round "3"]
[White "Mayo, Alvah"]
[Black "MacDonald, Jonathan"]
[Result "1/2-1/2"]
[WhiteElo "1983"]
[BlackElo "2118"]
[PlyCount "33"]
[EventDate "1996.05.17"]
[EventType "swiss"]
[EventRounds "5"]
[EventCountry "CAN"]
[Source "ChessBase"]
[SourceDate "2001.11.25"]

1. e4 e5 2. Nf3 Nc6 3. Bb5 Nf6 4. O-O Nxe4 5. d4 Nd6 6. Bxc6 dxc6 7. dxe5 Nf5
8. Qxd8+ Kxd8 9. Bg5+ Ke8 10. Nc3 h6 11. Bd2 a5 12. Rad1 a4 13. Rfe1 Be6 14. a3
Bc5 15. Ne4 Be7 16. Bc3 b6 17. Nd4 1/2-1/2

[Event "Atlantic Closed"]
[Site "Halifax CAN"]
[Date "1996.05.19"]
[Round "5"]
[White "Horton, Joe"]
[Black "MacDonald, Jonathan"]
[Result "1-0"]
[WhiteElo "2354"]
[BlackElo "2118"]
[PlyCount "63"]
[EventDate "1996.05.17"]
[EventType "swiss"]
[EventRounds "5"]
[EventCountry "CAN"]

1. g3 e5 2. Bg2 d5 3. c4 dxc4 4. Qa4+ Bd7 5. Qxc4 Bc6 6. Nf3 Bd6 7. O-O Nf6 8.
Nc3 O-O 9. b4 a6 10. Bb2 Nbd7 11. a4 Nb6 12. Qb3 a5 13. b5 Bd7 14. d4 exd4 15.
Nxd4 Rb8 16. Rfd1 Qe7 17. e3 Bg4 18. Rd2 Nfd7 19. Ne4 Nc5 20. Nxc5 Bxc5 21. Rc2
Bd6 22. h3 Be6 23. Nxe6 fxe6 24. Bc3 Nd7 25. Bxa5 Nc5 26. Qc4 b6 27. Bb4 Rf5
28. g4 Rf7 29. a5 Rbf8 30. a6 Rxf2 31. Rxf2 Rxf2 32. a7 1-0

[Event "Atlantic Closed"]
[Site "Halifax CAN"]
[Date "1996.05.19"]
[Round "5"]
[White "Howarth, Anthony"]
[Black "Villeneuve, Robert"]
[Result "1-0"]
[WhiteElo "2272"]
[BlackElo "2192"]
[PlyCount "37"]
[EventDate "1996.05.17"]
[EventType "swiss"]
[EventRounds "5"]
[EventCountry "CAN"]

1. Nf3 d5 2. g3 c6 3. c4 Nf6 4. Bg2 dxc4 5. O-O b5 6. a4 Bb7 7. b3 cxb3 8. Qxb3
a6 9. Ba3 e6 10. Bxf8 Rxf8 11. Nc3 Qd6 12. e4 e5 13. d4 Nbd7 14. Rfd1 Qe7 15.
Rac1 exd4 16. Nxd4 Nc5 17. Qc2 Nfd7 18. Nf5 Qf6 19. e5 1-0

[Event "Autumn Frost"]
[Site "Ottawa CAN"]
[Date "1996.11.14"]
[Round "1"]
[White "Sarkar, Prosanto"]
[Black "Pacey, Kevin"]
[Result "1/2-1/2"]
[WhiteElo "2313"]
[BlackElo "2248"]
[PlyCount "142"]
[EventDate "1996.11.07"]
[EventType "swiss"]
[EventRounds "5"]
[EventCountry "CAN"]

1. Nf3 d5 2. g3 Nf6 3. Bg2 c6 4. d3 Bg4 5. Nbd2 Nbd7 6. c4 e6 7. Rb1 a5 8. b3
Bd6 9. O-O O-O 10. Re1 Qc7 11. a3 b5 12. Qc2 Rfc8 13. Bb2 Qa7 14. Rbc1 Qa6 15.
e4 Bf8 16. e5 Ne8 17. d4 a4 18. c5 axb3 19. Qxb3 Be7 20. Qe3 Qa4 21. Qf4 Bh5
22. Bf1 Bg6 23. h4 h6 24. Be2 Nc7 25. Bd1 Qa7 26. g4 Qb7 27. h5 Bh7 28. g5 hxg5
29. Nxg5 Bxg5 30. Qxg5 b4 31. axb4 Ra2 32. Bc3 Nb5 33. h6 Bg6 34. hxg7 Kxg7 35.
Ba1 Rca8 36. Bh5 Nf8 37. Bxg6 Nxg6 38. Nb3 Na3 39. Qf6+ Kg8 40. Bc3 Qe7 41. Na5
Ra6 42. Ra1 Rxa1 43. Rxa1 Nb5 44. Qxe7 Nxe7 45. Bb2 Nf5 46. Rd1 Kf8 47. Kf1 Ke7
48. Ke2 Kd7 49. Kd3 Ra8 50. Rh1 Rg8 51. Rh7 Rg7 52. Rxg7 Nxg7 53. Bc1 Nf5 54.
Be3 Kc7 55. Nb3 Kb7 56. Ke2 Kc7 57. Kf3 Kd7 58. Kg4 Ke8 59. Kg5 Ke7 60. Kg4 Kd7
61. Kf3 Kc7 62. Ke2 Kd7 63. Kd3 Kc8 64. Nc1 Kd7 65. Ne2 Ke8 66. Nc3 Kd7 67.
Nxb5 cxb5 68. Ke2 Ne7 69. Bd2 Nc6 70. Bc3 Ke7 71. Kf3 f6 1/2-1/2

[Event "Autumn Frost"]
[Site "Ottawa CAN"]
[Date "1996.11.07"]
[Round "2"]
[White "Pacey, Kevin"]
[Black "Allen, Graham"]
[Result "1-0"]
[WhiteElo "2248"]
[BlackElo "2097"]
[PlyCount "33"]
[EventDate "1996.11.07"]
[EventType "swiss"]
[EventRounds "5"]
[EventCountry "CAN"]

1. e4 e6 2. d4 d5 3. exd5 exd5 4. Bd3 c5 5. Nf3 c4 6. Be2 Bd6 7. O-O Ne7 8. b3
Qc7 9. bxc4 dxc4 10. Na3 Bxa3 11. Bxa3 Be6 12. Bxe7 Kxe7 13. d5 Bf5 14. Qd4 Nd7
15. Bxc4 Kf8 16. d6 Qa5 17. Rab1 1-0

[Event "Autumn Frost"]
[Site "Ottawa CAN"]
[Date "1996.11.10"]
[Round "3"]
[White "Pacey, Kevin"]
[Black "Hum, Peter"]
[Result "1/2-1/2"]
[WhiteElo "2248"]
[BlackElo "2216"]
[PlyCount "35"]
[EventDate "1996.11.07"]
[EventType "swiss"]
[EventRounds "5"]
[EventCountry "CAN"]

1. e4 c5 2. Nf3 Nc6 3. d4 cxd4 4. Nxd4 e5 5. Nb5 d6 6. c4 Be7 7. N1c3 a6 8. Na3
Be6 9. Be3 Bg5 10. Bxg5 Qxg5 11. Nd5 Rc8 12. Nb6 Rd8 13. Nc2 Nf6 14. Qd3 O-O
15. g3 Nd7 16. Nxd7 Rxd7 17. Bg2 g6 18. h4 1/2-1/2

[Event "Autumn Frost"]
[Site "Ottawa CAN"]
[Date "1996.11.21"]
[Round "4"]
[White "Pacey, Kevin"]
[Black "Sarkar, Prosanto"]
[Result "1/2-1/2"]
[WhiteElo "2248"]
[BlackElo "2313"]
[PlyCount "73"]
[EventDate "1996.11.07"]
[EventType "swiss"]
[EventRounds "5"]
[EventCountry "CAN"]

1. d4 d5 2. Nc3 c6 3. e4 dxe4 4. Nxe4 Bf5 5. Ng3 Bg6 6. h4 h6 7. Nf3 Nd7 8. h5
Bh7 9. Bd3 Bxd3 10. Qxd3 Ngf6 11. Bd2 e6 12. O-O-O Qc7 13. Kb1 O-O-O 14. Ne4
Nxe4 15. Qxe4 Nf6 16. Qe2 Bd6 17. c4 Qe7 18. Bc3 Rhe8 19. Ne5 Bc7 20. a3 Kb8
21. Bb4 Bd6 22. Ba5 Rc8 23. c5 Bc7 24. Bxc7+ Rxc7 25. Nc4 Rd8 26. Qe5 Rd5 27.
Qg3 Rg5 28. Qf3 Rf5 29. Qg3 Nxh5 30. Qd6 Nf6 31. Ne3 Rg5 32. f4 Rg3 33. Qe5 Nd7
34. Qe4 Nf6 35. Qe5 Nd7 36. Qe4 Nf6 37. Qe5 1/2-1/2

[Event "Autumn Frost"]
[Site "Ottawa CAN"]
[Date "1996.11.28"]
[Round "5"]
[White "Allen, Graham"]
[Black "Pacey, Kevin"]
[Result "1-0"]
[WhiteElo "2097"]
[BlackElo "2248"]
[PlyCount "107"]
[EventDate "1996.11.07"]
[EventType "swiss"]
[EventRounds "5"]
[EventCountry "CAN"]

1. d4 d6 2. c4 e5 3. dxe5 dxe5 4. Qxd8+ Kxd8 5. Nf3 f6 6. Nc3 Be6 7. b3 c6 8.
Bb2 Nd7 9. g3 Ne7 10. Bg2 Nc8 11. O-O-O Kc7 12. Rd2 Ncb6 13. Rhd1 Nc5 14. Ne1
Bf5 15. Nd3 Nxd3+ 16. exd3 g6 17. Kc2 Nd7 18. Ne4 Be7 19. d4 exd4 20. Bxd4 Nc5
21. f3 Rhe8 22. Kc3 Nxe4+ 23. fxe4 Bg4 24. Rf1 Rad8 25. Rdf2 Rxd4 26. Kxd4 Bb4
27. Rxf6 Rd8+ 28. Ke3 g5 29. Rf7+ Kb6 30. Bf3 Be6 31. Rxh7 g4 32. Bg2 Bc3 33.
h4 Rd2 34. Rf2 Rd1 35. Kf4 Rd8 36. Rc2 Rf8+ 37. Ke3 Be1 38. c5+ Ka6 39. Re7 Bc8
40. e5 Bxg3 41. h5 Bf4+ 42. Kd4 Bg5 43. Rg7 Bh6 44. Rc7 Rf4+ 45. Kc3 Bf5 46.
Re2 Be6 47. Bxc6 g3 48. Bxb7+ Ka5 49. Bc6 Ka6 50. Bg2 Bg4 51. Re4 Bxh5 52. Rxf4
Bxf4 53. Bf1+ Ka5 54. Rxa7# 1-0

[Event "Autumn Frost"]
[Site "Ottawa CAN"]
[Date "1996.12.05"]
[Round "6"]
[White "Hum, Peter"]
[Black "Pacey, Kevin"]
[Result "0-1"]
[WhiteElo "2216"]
[BlackElo "2248"]
[PlyCount "62"]
[EventDate "1996.11.07"]
[EventType "swiss"]
[EventRounds "5"]
[EventCountry "CAN"]

1. d4 Nf6 2. c4 g6 3. Nc3 d5 4. cxd5 Nxd5 5. e4 Nxc3 6. bxc3 Bg7 7. Qa4+ Nc6 8.
Nf3 O-O 9. Bg5 h6 10. Be3 Qe8 11. Qa3 b6 12. Bd3 e6 13. h4 f5 14. Qc1 Kh7 15.
h5 g5 16. e5 Nd8 17. Bxg5 hxg5 18. Nxg5+ Kg8 19. h6 Bh8 20. h7+ Kg7 21. Rh3 Rf7
22. Rg3 Rd7 23. Nxe6+ Kf7 24. Bc4 Nxe6 25. Qg5 Rd8 26. Qxf5+ Ke7 27. Qe4 c6 28.
O-O-O Qf8 29. Qh4+ Kd7 30. Rf3 Qe7 31. Rg3 Qxh4 0-1

[Event "Battle of Alberta"]
[Site "Red Deer CAN"]
[Date "1996.10.31"]
[Round "1"]
[White "Fullbrook, Nigel"]
[Black "Haessel, Dale"]
[Result "1-0"]
[WhiteElo "2243"]
[BlackElo "2221"]
[PlyCount "77"]
[EventDate "1996.10.31"]
[EventType "team"]
[EventRounds "2"]
[EventCountry "CAN"]

1. e4 c5 2. c3 Nf6 3. e5 Nd5 4. d4 cxd4 5. Nf3 e6 6. cxd4 d6 7. Nc3 Nxc3 8.
bxc3 Nc6 9. exd6 Bxd6 10. Bd3 O-O 11. h4 f5 12. g4 e5 13. Ng5 exd4 14. cxd4
Bb4+ 15. Kf1 Qd5 16. Qb3 Qxb3 17. axb3 h6 18. Bc4+ Kh8 19. Nf7+ Kh7 20. g5 h5
21. g6+ Kxg6 22. Rg1+ Kh7 23. Ng5+ Kh8 24. Bb2 Na5 25. d5 Nxc4 26. bxc4 Rg8 27.
Nh3 Kh7 28. Ng5+ Kh8 29. Rd1 Bd7 30. Ne6 Kh7 31. Nxg7 Rac8 32. Nxh5 Rxg1+ 33.
Kxg1 Kh6 34. Nf6 Ba4 35. Ra1 Bb3 36. Rxa7 Rc7 37. Ra8 Rxc4 38. h5 Bc5 39. Rg8
1-0

[Event "Battle of Alberta"]
[Site "Red Deer CAN"]
[Date "1996.10.31"]
[Round "1"]
[White "Gomboc, Dave"]
[Black "Dartana, Christiaan"]
[Result "1-0"]
[WhiteElo "2069"]
[BlackElo "2059"]
[PlyCount "89"]
[EventDate "1996.10.31"]
[EventType "team"]
[EventRounds "2"]
[EventCountry "CAN"]

1. c4 Nf6 2. Nc3 g6 3. e4 d6 4. d4 Bg7 5. f4 O-O 6. Nf3 c5 7. d5 e6 8. Be2 exd5
9. cxd5 Bg4 10. O-O a6 11. h3 Bxf3 12. Bxf3 Nbd7 13. g4 Ne8 14. g5 b5 15. Bg4
Nc7 16. e5 dxe5 17. f5 Nb6 18. f6 Bh8 19. d6 Ne6 20. Nd5 Nxd5 21. Qxd5 Qd7 22.
Be3 Rac8 23. Rac1 c4 24. Qxe5 Rfe8 25. Qd5 Rc6 26. Bxe6 Rxe6 27. Bf4 h6 28. h4
Rc8 29. Rf2 Rce8 30. Kh2 Re4 31. Rcc2 hxg5 32. hxg5 Qg4 33. Bg3 Rd4 34. Qc6 Re1
35. Rf1 Re3 36. Rg2 Kh7 37. Bf2 Qh3+ 38. Kg1 Qe6 39. Bxe3 Qxe3+ 40. Kh1 Rh4+
41. Rh2 Rxh2+ 42. Kxh2 Qd2+ 43. Qg2 Qxd6+ 44. Qg3 Qd5 45. Rh1 1-0

[Event "Battle of Alberta"]
[Site "Red Deer CAN"]
[Date "1996.10.31"]
[Round "1"]
[White "Huber, Greg"]
[Black "Frialde, Arniel"]
[Result "1-0"]
[WhiteElo "2240"]
[BlackElo "2300"]
[PlyCount "45"]
[EventDate "1996.10.31"]
[EventType "team"]
[EventRounds "2"]
[EventCountry "CAN"]
[SourceDate "2003.08.17"]

1. e4 g6 2. d4 Bg7 3. Nc3 c6 4. Bc4 d6 5. Qf3 e6 6. Nge2 Qe7 7. h4 h6 8. Be3
Nd7 9. h5 g5 10. O-O-O Ngf6 11. Qg3 e5 12. f4 exf4 13. Nxf4 gxf4 14. Bxf4 Bf8
15. e5 dxe5 16. dxe5 Nd5 17. Bxd5 cxd5 18. Nxd5 Qc5 19. e6 fxe6 20. Nc7+ Kf7
21. Qg6+ Ke7 22. Qxe6+ Kd8 23. Qe8# 1-0

[Event "Battle of Alberta"]
[Site "Red Deer CAN"]
[Date "1996.10.31"]
[Round "1"]
[White "Karmali, Hafiz"]
[Black "Danglapen, Leo"]
[Result "1/2-1/2"]
[WhiteElo "2064"]
[BlackElo "2086"]
[PlyCount "52"]
[EventDate "1996.10.31"]
[EventType "team"]
[EventRounds "2"]
[EventCountry "CAN"]

1. d4 Nf6 2. c4 g6 3. Nc3 d5 4. Nf3 c6 5. cxd5 cxd5 6. Bf4 Bg7 7. e3 O-O 8. h3
Nc6 9. Rc1 Qb6 10. Qd2 a6 11. Bd3 Nb4 12. Bb1 Nc6 13. O-O e6 14. Na4 Qd8 15.
Ne5 Bd7 16. Nc5 Nxe5 17. dxe5 Nh5 18. Nxb7 Qb6 19. Nc5 Bb5 20. Bd3 Nxf4 21.
exf4 Rfc8 22. Nb3 Bh6 23. Rxc8+ Rxc8 24. Rc1 Rxc1+ 25. Nxc1 Qd4 26. g3 Bf8
1/2-1/2

[Event "Battle of Alberta"]
[Site "Red Deer CAN"]
[Date "1996.10.31"]
[Round "1"]
[White "Maric, Victor"]
[Black "Vasylev, Yuri"]
[Result "1-0"]
[WhiteElo "2222"]
[BlackElo "2247"]
[PlyCount "71"]
[EventDate "1996.10.31"]
[EventType "team"]
[EventRounds "2"]
[EventCountry "CAN"]

1. e4 e6 2. d4 d5 3. e5 c5 4. c3 Nc6 5. Nf3 Qb6 6. a3 Bd7 7. b4 cxd4 8. cxd4
Nge7 9. Nc3 Nf5 10. Na4 Qd8 11. Bb2 a5 12. b5 Na7 13. Qb3 Rc8 14. Bd3 Nh4 15.
Nxh4 Qxh4 16. O-O Be7 17. Nb6 Rb8 18. Rac1 Bd8 19. g3 Qe7 20. Na4 b6 21. f4 O-O
22. Rce1 f5 23. exf6 Rxf6 24. Bc1 h6 25. f5 Nc8 26. Nc3 Qf7 27. Bf4 Rb7 28. Be5
exf5 29. Nxd5 Rg6 30. Bxf5 Bxf5 31. Rxf5 Qe6 32. Qf3 Rd7 33. Rf8+ Kh7 34. Nf4
Qg4 35. Qe4 Nd6 36. Rh8+ 1-0